000 00577nam a22001697a 4500
005 20251108174601.0
008 250721s2008 xx 000 0 ara d
082 1 4 _a574/سلا
100 1 _aسلامة، ميرفانا ياسر
_eمؤلف
245 1 0 _aعلوم الأحياء : الجهاز المناعي , الميكروبات في المجتمع ... /
264 1 _aعمان :
_bدار صفاء للنشر و التوزيع،
_c2008.
300 _a279 ص.
650 1 7 _aعلم الاحياا
650 1 7 _aالبيولوجيا
942 _2ddc
_cBK
999 _c112843
_d112843